000 00609nam a2200229Ia 4500
003 OSt
005 20220923230719.0
006 a|||||r|||| 00| 0
007 ta
008 Pun
020 _c10
024 _a305,022
037 _cTextual
040 _aARTS
_cARTS
_bPun
041 _2Pun
_aPun
082 _aU8.445, 153L4
100 _aਰਤਨ, ਮੇਹਨ ਸਿੰਘ
245 0 _aਹੇਮਕੁੰਟ ਤੇ ਬਦਰੀਨਾਥ ਸਖ਼ਰਨਾਮਾ
260 _c1974
942 _hU8.445, 153L4
_cTEXL
_2CC
999 _c386825
_d386825